| 000 | 00479nam a2200169 a 4500 | ||
|---|---|---|---|
| 005 | 20140310183138.0 | ||
| 008 | 020819s19uu xx 00 eng d | ||
| 050 |
_aHF 5414.12 _b.B33 1992 |
||
| 100 | _aBacon, Mark S. | ||
| 245 |
_aDo-it-yourself direct marketing : _bsecrets for small business / _cMark S. Bacon. |
||
| 300 |
_a247 p. : _bill. ; _c25 cm. |
||
| 521 | _aBSBA | ||
| 650 | _aDirect marketing | ||
| 650 | _aSmall business | ||
| 942 |
_cBK _2lcc _kFOR |
||
| 999 |
_c19326 _d19326 |
||